| 000 | 01198nam a2200301 i 4500 | ||
|---|---|---|---|
| 003 | DO-SdBNP | ||
| 005 | 20250623123122.0 | ||
| 006 | a||||gr|||| 00| 0 | ||
| 007 | ta | ||
| 008 | 240813e1980 dr ac||| |||| 00| 0 spa d | ||
| 040 |
_aDO-SdBNP _bspa _cBNPHU _erda |
||
| 082 | 4 |
_222 _bG934m |
|
| 100 | 1 |
_aGuerrero Pichardo, Gustavo, _934039 _eautor |
|
| 245 | 1 | 0 |
_aMagnicidios en dominicana / _cGustavo Guerrero P. |
| 264 | 1 |
_aSanto Domingo : _bImpresora Ángel, _c1980 |
|
| 300 |
_a39 páginas : _bilustraciones, retrato ; _c21 cm. |
||
| 336 |
_2rdacontent _atexto _btxt |
||
| 337 |
_2rdamedia _asin mediación _bn |
||
| 338 |
_2rdacarrier _avolumen _bnc |
||
| 504 | _aBibliografía: página 39 | ||
| 505 |
_aPreambulo. _tUna descarga cerrada corta la vida de Pepillo Salcedo en laPlaza de Maimón.-- _tLa muerte del Coloso Ulises Heureaux.-- _tLa muerte del Presidente Cáceres.-- _tBibliografía |
||
| 600 | 1 | 4 |
_aSalcedo, José Antonio, _d1816-1864 _934040 |
| 600 | 1 | 4 |
_a Heureaux, Ulises, _d1845-1899 _9598 |
| 600 | 4 |
_aCáceres, Ramón, _d1866-1911 _9196 |
|
| 650 | 4 |
_aHomicidio político _931686 _zRepública Dominicana |
|
| 650 | 4 |
_aDelitos políticos _zRepública Dominicana _92846 |
|
| 942 |
_2ddc _cLF2 |
||
| 999 |
_c57445 _d57445 |
||